00238nam a22000977a 4500082001700000100003200017245001600049260004500065300000800110650002200118 a306.0954 CCA aCCA ASIA MISSION CONFERENCE aTurn Around akoreabCCA ASIA MISSION CONFERENCEc1995 a198 aPluralisim - Asia